Juke box-I grandi successi italiani vol.03 (l'epoca d'oro dei cantautori) (Record n. 99748)
[ formato base ]
| 000 -LEADER | |
|---|---|
| fixed length control field | 03607njm a2200529Ia 4500 |
| 001 - CONTROL NUMBER | |
| control field | 23902 |
| 003 - CONTROL NUMBER IDENTIFIER | |
| control field | IT-RoPAU |
| 005 - DATE AND TIME OF LATEST TRANSACTION | |
| control field | 20220918181120.0 |
| 008 - FIXED-LENGTH DATA ELEMENTS--GENERAL INFORMATION | |
| fixed length control field | 131025s9999 xx 000 0 und d |
| 040 ## - CATALOGING SOURCE | |
| Original cataloging agency | IT-RoPAU |
| 040 ## - CATALOGING SOURCE | |
| Transcribing agency | IT-RoPAU |
| 041 ## - LANGUAGE CODE | |
| Language code of text/sound track or separate title | ITALIANO |
| 999 ## - SYSTEM CONTROL NUMBERS (KOHA) | |
| Koha Dewey Subclass [OBSOLETE] | n.d. |
| 100 ## - MAIN ENTRY--PERSONAL NAME | |
| Personal name | AA.VV. |
| 9 (RLIN) | 794 |
| 100 ## - MAIN ENTRY--PERSONAL NAME | |
| Relator term | Autore musica |
| 9 (RLIN) | 7234 |
| 100 ## - MAIN ENTRY--PERSONAL NAME | |
| Miscellaneous information | Codice autore musica SPICS: 12000 |
| 9 (RLIN) | 796 |
| 245 ## - TITLE STATEMENT | |
| Title | Juke box-I grandi successi italiani vol.03 (l'epoca d'oro dei cantautori) |
| 250 ## - EDITION STATEMENT | |
| Edition statement | 2a ed. |
| 260 ## - PUBLICATION, DISTRIBUTION, ETC. (IMPRINT) | |
| Place of publication, distribution, etc. | ITALIA |
| 260 ## - PUBLICATION, DISTRIBUTION, ETC. (IMPRINT) | |
| Name of publisher, distributor, etc. | SELEZIONE |
| Date of publication, distribution, etc. | 1980 [1a Ed.:1980] |
| 300 ## - PHYSICAL DESCRIPTION | |
| Extent | DISCO |
| 500 ## - GENERAL NOTE | |
| General note | L'epoca d'oro dei cantautori. Canzone italiana. |
| 505 ## - FORMATTED CONTENTS NOTE | |
| Formatted contents note | Ogni giorno (Anka Paul) - Ballata della tromba (Rosso Nini) - Ventiquattromila baci (Little Tony) - Le strade di notte (Gaber Giorgio) - Flamenco rock [Milva (Biolcati Maria Ilva)] - (Modugno Domenico) - La novia (Modugno Domenico) - Quando quando quando (Renis Tony) - Io che amo solo te (Endrigo Sergio) - I watussi (Vianello Edoardo) - La terza luna (Sedaka Neil) - Legata a un granello di sabbia (Fidenco Nico) - La partita di pallone (Pavone Rita) |
| 650 ## - SUBJECT ADDED ENTRY--TOPICAL TERM | |
| Topical term or geographic name as entry element | CANZONE ITALIAN [DISCHI] |
| Relator term | Codice MATERIA SPICS: 9950 |
| 9 (RLIN) | 7235 |
| 700 ## - ADDED ENTRY--PERSONAL NAME | |
| Personal name | Devilli (Curci Alberto) |
| Dates associated with a name | Codice autore musica SPICS: 13392 |
| Relator term | Autore musica |
| Name of part/section of a work | Ogni giorno |
| 9 (RLIN) | 7236 |
| 700 ## - ADDED ENTRY--PERSONAL NAME | |
| Personal name | Anka Paul |
| Dates associated with a name | Codice autore testo/musica SPICS: 10704 |
| Relator term | Autore testo/musica |
| Name of part/section of a work | Ogni giorno |
| 9 (RLIN) | 7237 |
| 700 ## - ADDED ENTRY--PERSONAL NAME | |
| Personal name | Pisano Luigi |
| Dates associated with a name | Codice autore testo/musica SPICS: 13579 |
| Relator term | Autore testo/musica |
| Name of part/section of a work | Ballata della tromba |
| 9 (RLIN) | 7238 |
| 700 ## - ADDED ENTRY--PERSONAL NAME | |
| Personal name | Celentano Adriano |
| Dates associated with a name | Codice autore musica SPICS: 10821 |
| Relator term | Autore musica |
| Name of part/section of a work | Ventiquattromila baci |
| 9 (RLIN) | 7239 |
| 700 ## - ADDED ENTRY--PERSONAL NAME | |
| Personal name | Fulci |
| Dates associated with a name | Codice autore SPICS: 22698 |
| Relator term | Autore |
| Name of part/section of a work | Ventiquattromila baci |
| 9 (RLIN) | 7240 |
| 700 ## - ADDED ENTRY--PERSONAL NAME | |
| Personal name | Vivarelli Piero |
| Dates associated with a name | Codice autore testo/musica SPICS: 13665 |
| Relator term | Autore testo/musica |
| Name of part/section of a work | Ventiquattromila baci |
| 9 (RLIN) | 7241 |
| 700 ## - ADDED ENTRY--PERSONAL NAME | |
| Personal name | Calibi |
| Dates associated with a name | Codice autore musica SPICS: 14071 |
| Relator term | Autore musica |
| Name of part/section of a work | Le strade di notte |
| 9 (RLIN) | 7242 |
| 700 ## - ADDED ENTRY--PERSONAL NAME | |
| Personal name | Gaber Giorgio |
| Dates associated with a name | Codice autore testo/musica SPICS: 10906 |
| Relator term | Autore testo/musica |
| Name of part/section of a work | Le strade di notte |
| 9 (RLIN) | 7243 |
| 700 ## - ADDED ENTRY--PERSONAL NAME | |
| Personal name | Malgoni M. |
| Dates associated with a name | Codice autore musica SPICS: 14072 |
| Relator term | Autore musica |
| Name of part/section of a work | Flamenco rock |
| 9 (RLIN) | 7244 |
| 700 ## - ADDED ENTRY--PERSONAL NAME | |
| Personal name | Cariaggi |
| Dates associated with a name | Codice autore testo/musica SPICS: 14073 |
| Relator term | Autore testo/musica |
| Name of part/section of a work | Flamenco rock |
| 9 (RLIN) | 7245 |
| 700 ## - ADDED ENTRY--PERSONAL NAME | |
| Personal name | Mogol (Rapetti Giulio) |
| Dates associated with a name | Codice autore musica SPICS: 13643 |
| Relator term | Autore musica |
| Name of part/section of a work | La novia |
| 9 (RLIN) | 7246 |
| 700 ## - ADDED ENTRY--PERSONAL NAME | |
| Personal name | Prieto Antonio |
| Dates associated with a name | Codice autore testo/musica SPICS: 18703 |
| Relator term | Autore testo/musica |
| Name of part/section of a work | La novia |
| 9 (RLIN) | 7247 |
| 700 ## - ADDED ENTRY--PERSONAL NAME | |
| Personal name | Renis Tony |
| Dates associated with a name | Codice autore musica SPICS: 13845 |
| Relator term | Autore musica |
| Name of part/section of a work | Quando quando quando |
| 9 (RLIN) | 7248 |
| 700 ## - ADDED ENTRY--PERSONAL NAME | |
| Personal name | Testa Michele (=Gill Armando) |
| Dates associated with a name | Codice autore testo/musica SPICS: 13131 |
| Relator term | Autore testo/musica |
| Name of part/section of a work | Quando quando quando |
| 9 (RLIN) | 7249 |
| 700 ## - ADDED ENTRY--PERSONAL NAME | |
| Personal name | Endrigo Sergio |
| Dates associated with a name | Codice autore testo/musica SPICS: 10878 |
| Relator term | Autore testo/musica |
| Name of part/section of a work | Io che amo solo te |
| 9 (RLIN) | 7250 |
| 700 ## - ADDED ENTRY--PERSONAL NAME | |
| Personal name | Vianello Edoardo |
| Dates associated with a name | Codice autore musica SPICS: 13844 |
| Relator term | Autore musica |
| Name of part/section of a work | I watussi - La partita di pallone |
| 9 (RLIN) | 7251 |
| 700 ## - ADDED ENTRY--PERSONAL NAME | |
| Personal name | Rossi Carlo Alberto (Cicero) |
| Dates associated with a name | Codice autore testo/musica SPICS: 13130 |
| Relator term | Autore testo/musica |
| Name of part/section of a work | I watussi - La partita di pallone |
| 9 (RLIN) | 7252 |
| 700 ## - ADDED ENTRY--PERSONAL NAME | |
| Personal name | Migliacci Franco |
| Dates associated with a name | Codice autore musica SPICS: 13653 |
| Relator term | Autore musica |
| Name of part/section of a work | La terza luna |
| 9 (RLIN) | 7253 |
| 700 ## - ADDED ENTRY--PERSONAL NAME | |
| Personal name | Enriquez Luis |
| Dates associated with a name | Codice autore testo/musica SPICS: 10879 |
| Relator term | Autore testo/musica |
| Name of part/section of a work | La terza luna |
| 9 (RLIN) | 7254 |
| 700 ## - ADDED ENTRY--PERSONAL NAME | |
| Personal name | Marchetti Gianni |
| Dates associated with a name | Codice autore SPICS: 11622 |
| Relator term | Autore |
| Name of part/section of a work | Legata a un granello di sabbia |
| 9 (RLIN) | 7255 |
| 700 ## - ADDED ENTRY--PERSONAL NAME | |
| Personal name | Fidenco Nico |
| Dates associated with a name | Codice autore testo/musica SPICS: 13843 |
| Relator term | Autore testo/musica |
| Name of part/section of a work | Legata a un granello di sabbia |
| 9 (RLIN) | 7256 |
| 942 ## - ADDED ENTRY ELEMENTS (KOHA) | |
| Koha item type | DISCHI |
| Source of classification or shelving scheme | Dewey Decimal Classification |
| Withdrawn status | Lost status | Damaged status | Not for loan | Home library | Current library | Date acquired | Total Checkouts | Full call number | Date last seen | Price effective from | Koha item type | Public note |
|---|---|---|---|---|---|---|---|---|---|---|---|---|
| Buone Condizioni | Not For Loan | SPICS-MEDIATECA | SPICS-MEDIATECA | 25/10/2013 | 23902 | 25/10/2013 | 25/10/2013 | DISCHI | Progr. Ins.: 4749 / N.Vol.: 1 / Copie: 1 - Copia rara: n.d. / date import: 01.01.2014 - By Epidotti, Trombetti, Vaglietti |